|
|
|
|
| LEADER |
02027nam a2200541 a 4500 |
| 001 |
nkc20071703883 |
| 003 |
CZ PrNK |
| 005 |
20211213145218.0 |
| 007 |
ta |
| 008 |
070108s2006 xr e 000 0 cze |
| 015 |
|
|
|a cnb001703883
|
| 020 |
|
|
|a 80-7043-492-9
|q (brož.) :
|c neprodejné
|
| 035 |
|
|
|a (OCoLC)124091145
|
| 040 |
|
|
|a OLA001
|b cze
|d ABA001
|
| 041 |
1 |
|
|a cze
|a eng
|a slo
|h cze
|h slo
|
| 072 |
|
7 |
|a 796
|x Sport. Hry. Tělesná cvičení
|2 Konspekt
|9 20
|
| 080 |
|
|
|a 796/799
|2 MRF
|
| 080 |
|
|
|a 658.8
|2 MRF
|
| 080 |
|
|
|a 796.062
|2 MRF
|
| 080 |
|
|
|a (062.534)
|2 MRF
|
| 080 |
|
|
|a (048.3)
|2 MRF
|
| 111 |
2 |
|
|a Marketing management sportu (konference)
|d (2006 :
|c Cheb, Česko)
|7 olak2007365951
|
| 245 |
1 |
0 |
|a Marketing management sportu :
|b [Cheb, listopad 2006] = Sport Marketing and Management : [Cheb, November 2006] /
|c Jan Tlučhoř (ed.)
|
| 246 |
3 |
1 |
|a Sport Marketing and Management
|
| 250 |
|
|
|a Vyd. 1.
|
| 260 |
|
|
|a V Plzni :
|b Západočeská univerzita,
|c 2006
|
| 300 |
|
|
|a 19 s. ;
|c 21 cm +
|e 1 CD-ROM
|
| 500 |
|
|
|a Na obálce nad názvem: Západočeská univerzita v Plzni, Fakulta ekonomická
|
| 500 |
|
|
|a CD obsahuje plné texty příspěvků
|
| 500 |
|
|
|a 50 výt.
|
| 546 |
|
|
|a Část. slovenský text, souběžný anglický text
|
| 650 |
0 |
7 |
|a sport
|7 ph116248
|2 czenas
|
| 650 |
0 |
7 |
|a marketing
|7 ph115227
|2 czenas
|
| 650 |
0 |
7 |
|a sportovní management
|7 ph161988
|2 czenas
|
| 650 |
0 |
9 |
|a sport
|2 eczenas
|
| 650 |
0 |
9 |
|a marketing
|2 eczenas
|
| 650 |
0 |
9 |
|a sports management
|2 eczenas
|
| 655 |
|
7 |
|a sborníky konferencí
|7 fd133333
|2 czenas
|
| 655 |
|
7 |
|a abstrakta
|7 fd131780
|2 czenas
|
| 655 |
|
9 |
|a proceedings of conferences
|2 eczenas
|
| 655 |
|
9 |
|a abstracts
|2 eczenas
|
| 700 |
1 |
|
|a Tlučhoř, Jan,
|d 1981-
|7 mzk2005312808
|4 edt
|
| 710 |
2 |
|
|a Západočeská univerzita.
|b Ekonomická fakulta
|7 kn20010709434
|
| 910 |
2 |
|
|a BOA001
|b 2-1185.482
|
| 990 |
|
|
|a BK
|
| 995 |
|
|
|a 01
|
| 991 |
|
|
|b 200704
|c NOV
|
| 996 |
6 |
|
|b 2610307723
|c 2-1185.482
|l MZK
|r Sklad / do 1 hodiny
|n 11
|p p.v.
|w 000847798
|u 000010
|a 1
|e BOA001
|j MZK50
|s P
|